Investigación de operaciones /

Guardado en:
Autor Principal: Moskowitz, Herbert.
Otros Autores: Wright, Gordon P.
Formato: Libro
Idioma:Spanish
English
Publicado: Englewood Cliffs : Prentice-Hall, c1979 (impresión de 1982).
Materias:
Cpm
Etiquetas: Agregar Etiqueta
Sin Etiquetas, Sea el primero en etiquetar este registro!
LEADER 01009nam a22002535 4500
001 EAD.ead003200
008 080718s1979####xxu######b####001#0#spa#d
005 20120614122155.0
245 1 0 |a Investigación de operaciones /  |c Herbert Moskowitz y Gordon P. Wright ; traducción de: Carlos A. Franco G. con la colaboración de Fernando Valencia Otalvaro. 
260 |a Englewood Cliffs :  |b Prentice-Hall,  |c c1979 (impresión de 1982). 
300 |a xii, 790 p. ;  |c 24 cm. 
500 |a Traducción de: Operations research techniques for management. 
504 |a Incluye referencias bibliográficas e índice. 
020 |a 0135025753 
100 1 |a Moskowitz, Herbert. 
700 1 |a Wright, Gordon P. 
082 0 4 |a 658.4034  |2 21 
653 |a Cpm 
650 7 |a Investigación de operaciones.  |2 unbist 
650 7 |a Probabilidad.  |2 unbist 
650 7 |a Toma de decisiones.  |2 unbist 
650 7 |a Programación lineal.  |2 unbist 
041 1 |a spa  |h eng 
859 |a AR-BaBDC  |b BIB. ADMINISTRACION - Libros  |h 658.4034  |i M853  |p b02064  |t Ej.2